000 00619nam a22002297a 4500
003 UA-OsUOA
001 95733
007 ta
008 20130306b un ||||| |||| 00| 0 ukr d
100 _aКаменова А.
090 _a821.163.2
_bК18
942 _cBK
040 _aUA-OsUOA
_brus
_cUA-OsUOA
_dUA-OsUOA
245 _aВблизи Софии
_bроман
300 _a322 с.
955 _a3
041 _arus
080 _a821.163.2
260 _aМ.
_bИностранная литература
_c1959
650 7 _a82 Література. Літературознавство
_2UDC
999 _c381965
_d381965